Discours vrai contre les chrétiens / (Record no. 168832)

MARC details
000 -LEADER
campo de control de longitud fija 00724nam a22002175i 4500
001 - NÚMERO DE CONTROL
campo de control 168832
003 - IDENTIFICADOR DE NÚMERO DE CONTROL
campo de control ES-MaACL
005 - FECHA Y HORA DE LA ÚLTIMA TRANSACCIÓN
campo de control 20230906213914.0
008 - DATOS DE LONGITUD FIJA--INFORMACIÓN GENERAL
campo de control de longitud fija 080612s1965 fr |||| | fre d
080 ## - NÚMERO DE LA CLASIFICACIÓN DECIMAL UNIVERSAL
Número de la Clasificación Decimal Universal 239
100 0# - ENTRADA PRINCIPAL--NOMBRE DE PERSONA
Nombre de persona Celso.
9 (RLIN) 37383
245 10 - MENCIÓN DEL TÍTULO
Título Discours vrai contre les chrétiens /
Mención de responsabilidad, etc. Celse ; introduction et traduction de Louis Rougier.
260 ## - PUBLICACIÓN, DISTRIBUCIÓN, ETC.
Lugar de publicación, distribución, etc. [Paris] :
Nombre del editor, distribuidor, etc. Jean-Jacques Pauvert,
Fecha de publicación, distribución, etc. [1965]
300 ## - DESCRIPCIÓN FÍSICA
Extensión 161 p. ;
Dimensiones 18 cm.
490 1# - MENCIÓN DE SERIE
Mención de serie Libertés ;
Designación de volumen o secuencia 26
650 14 - PUNTO DE ACCESO ADICIONAL DE MATERIA--TÉRMINO DE MATERIA
Término de materia o nombre geográfico como elemento de entrada Cristianismo-
Subdivisión de forma Obras de controversia.
9 (RLIN) 11431
700 1# - ENTRADA AGREGADA--NOMBRE PERSONAL
Nombre de persona Rougier, Louis.
9 (RLIN) 100019
830 0# - PUNTO DE ACCESO ADICIONAL DE SERIE-TÍTULO UNIFORME
Título uniforme Libertés ;
Designación de volumen o secuencia 26
9 (RLIN) 185155
852 ## - LOCALIZACIÓN
Ubicación ES-MaACL
Número de control de estantería E-12182
itemnumber R.190398
Nota libre .- Biblioteca Jacinto Martínez Lacalle
Holdings
Estatus retirado Estado de pérdida Estado de daño No para préstamo Biblioteca de origen Biblioteca actual Ubicación en estantería Fecha de adquisición Fuente de adquisición Total de préstamos Signatura topográfica completa Código de barras Visto por última vez Precio de reemplazo Tipo de ítem Koha
        Biblioteca del Ateneo de Madrid Biblioteca del Ateneo de Madrid Depósito 2 12/06/2008     E-12182 1177178 23/02/2023 23/02/2023 Libro impreso